Bonding preparation saves time (Record no. 54890)

MARC details
000 -LEADER
fixed length control field 00352nam a2200145Ia 4500
100 ## - MAIN ENTRY--AUTHOR NAME
Personal name Weih Mark
245 #0 - TITLE STATEMENT
Title Bonding preparation saves time
260 ## - PUBLICATION, DISTRIBUTION, ETC. (IMPRINT)
Name of publisher European Rubber Journal
Year of publication 2002
300 ## - PHYSICAL DESCRIPTION
Number of Pages 18-21
650 ## - SUBJECT ADDED ENTRY--TOPICAL TERM
Topical Term Bonding
650 ## - SUBJECT ADDED ENTRY--TOPICAL TERM
Topical Term Grit blasting
700 ## - ADDED ENTRY--PERSONAL NAME
Personal name Rearick Brett
942 ## - ADDED ENTRY ELEMENTS (KOHA)
Koha item type Journals
Holdings
Withdrawn status Lost status Damaged status Not for loan Home library Current library Shelving location Date acquired Serial Enumeration / chronology Koha item type
      Journals RRII Library RRII Library Rubber chemistry 26/08/2002 Volume 184, Issue 2 Journals